DDC number building and number analysis : (Record no. 696)
[ view plain ]
| 000 -LEADER | |
|---|---|
| fixed length control field | 00648nam a22002177a 4500 |
| 001 - CONTROL NUMBER | |
| control field | 696 |
| 003 - CONTROL NUMBER IDENTIFIER | |
| rucl marc code | BD-RjUL |
| 005 - DATE AND TIME OF LATEST TRANSACTION | |
| control field | 20211208233223.0 |
| 008 - FIXED-LENGTH DATA ELEMENTS--GENERAL INFORMATION | |
| fixed length control field | 131123s1972 bg ||||| |||| 000 0 eng d |
| 035 ## - SYSTEM CONTROL NUMBER | |
| System control number | (BD-RjUL)716 |
| 040 ## - CATALOGING SOURCE | |
| Original cataloging agency | BD-RjUL |
| Language of cataloging | eng |
| Transcribing agency | BD-RjUL |
| 041 ## - LANGUAGE CODE | |
| Language code of text/sound track or separate title | eng |
| 082 ## - DEWEY DECIMAL CLASSIFICATION NUMBER | |
| Classification number | 025.43 |
| Author mark and year | SID 1972 |
| 100 1# - MAIN ENTRY--PERSONAL NAME | |
| Personal name | Siddique, Abu Bakr |
| 9 (RLIN) | 1756 |
| 245 1# - TITLE STATEMENT | |
| Title | DDC number building and number analysis : |
| Remainder of title | a mathematical synposis / |
| Statement of responsibility, etc. | Abu Bakr Siddique |
| 260 ## - PUBLICATION, DISTRIBUTION, ETC. (IMPRINT) | |
| Place of publication, distribution, etc. | Dacca, Bangladesh : |
| Name of publisher, distributor, etc. | Abu Bakr Siddique, |
| Date of publication, distribution, etc. | 1972. |
| 300 ## - PHYSICAL DESCRIPTION | |
| Pagination | xiii, 66 p. ; |
| Size | 25 cm. |
| 650 00 - SUBJECT ADDED ENTRY--TOPICAL TERM | |
| Topical term or geographic name as entry element | Classification |
| Form subdivision | Dewey decimal |
| 9 (RLIN) | 1750 |
| 700 1# - ADDED ENTRY--PERSONAL NAME | |
| Personal name | Khan, M. S. |
| 942 ## - ADDED ENTRY ELEMENTS (KOHA) | |
| Source of classification or shelving scheme | Dewey Decimal Classification |
| Koha item type | Books |
| Lost status | Source of classification or shelving scheme | Damaged status | Not for loan | Collection code | Permanent Location | Current Location | Shelving location | Date acquired | Source of acquisition | Cost, normal purchase price | Total Checkouts | Full call number | Date last seen | Copy number | Koha item type |
|---|---|---|---|---|---|---|---|---|---|---|---|---|---|---|---|
| Dewey Decimal Classification | Non-fiction | Central Library, University of Rajshahi | Central Library, University of Rajshahi | 18/07/1974 | Abu Bakr Siddique | 10.00 | 025.43 SID 1972 | 23/11/2013 | C-4 | Books | |||||
| Dewey Decimal Classification | Non-fiction | Central Library, University of Rajshahi | Central Library, University of Rajshahi | 18/07/1974 | Abu Bakr Siddique | 10.00 | 025.43 SID 1972 | 23/11/2013 | C-5 | Books |